| 000 | 00436nam a2200157Ia 4500 | ||
|---|---|---|---|
| 008 | 210716s2011 xx 000 0 und d | ||
| 020 | _a9788126531165 | ||
| 041 | _aeng | ||
| 082 | _a338.04 SCHM | ||
| 100 | _aSchaper, Michael;Volery, Thierry;Weber, Paull;Lewis, Kate. | ||
| 245 | _aEntrepreneurship and small business. | ||
| 250 | _a1 | ||
| 260 |
_aNew Delhi _bWiley India _c2011 |
||
| 300 | _axvi,480 | ||
| 650 | _aEntrepreneurship | ||
| 999 |
_c209011 _d209011 |
||